000 00297nam a2200121Ia 4500
005 20251222154306.0
008 251222s9999||||xx |||||||||||||| ||spa||
020 _a84-01-80963-0
082 _a868.9/R84
100 _a"Rosales,Luis"
245 0 _a"Verso libre: AntologĂ­a, 1935-1978"
942 _cLIB
999 _c33214
_d33214